000 00811nam a22002177a 4500
005 20100726121815.0
010 _aENG-96816
020 _a8183242804
_c450.00
035 _aEN-80349
037 _bDBAD/PUB
082 _a371 .9086940954
100 _aMohanty, R P
_91425
245 _aElementary education in tribal india /
_cby R P Mohanty [and] D N Biswal
260 _aNew Delhi
_bMittal publications
_c2009
270 _a4594/9 Daryaganj
_e110002
_bNew Delhi
300 _axviii, 161 p
_c21 cm. (Hb)
500 _aincules bibliographical references and index
700 _aBiswal, D N
_91426
942 _2ddc
_cEN
_h371.9086940954
_mMOH
999 _c37673
_d37673